000 00486nam a22001337a 4500
005 20241007094658.0
008 241007b |||||||| |||| 00| 0 eng d
100 _aVentura, Elmer Z.
_eauthor.
_962374
245 _aWomen's empowerment towards sustainable development /
_cElmer Z. Ventura.
260 _aPhilippines:
_bPublishers Association of the Philippines, Inc.,
_cMarch 2019.
300 _aVolume 66, pages 363.
700 _aVentura, Elmer Z.
_eauthor.
_962375
942 _2ddc
_cPER
999 _c22266
_d22266